000 00894nam a2200229 i 4500
001 170728
003 ES-MaACL
005 20250829044031.0
008 090401s1950 sp |||| | spa d
100 1 _aSánchez Cantón, Francisco Javier,
_d1891-1971
_9102521
245 1 0 _aCristo en el Evangelio /
_cpor F.J. Sánchez Cantón.
260 _aMadrid :
_bLa Editorial Católica,
_c1950.
300 _aVIII, 124 p., 255 p. de lam. :
_bil. ;
_c20 cm.
490 1 _aBiblioteca de autores cristianos ;
_v64
490 1 _aLos grandes temas del arte cristiano en España. Serie I. Cristológica ;
_v2
600 0 4 _aJesucristo-
_xIconografía.
_966368
830 0 0 _aBiblioteca de autores cristianos
_v64
_9178679
830 0 4 _aLos grandes temas del arte cristiano en España
_v2
_9188979
852 _aES-MaACL
_jJ-62
_9R.46092
852 _aES-MaACL
_jE-5002
999 _c170728
_d170728